Statistics for Every Player To Get A Tackle In Superbowl 55

Click here to take the quiz!

General Stats

  • This quiz has been taken 7 times
  • The average score is 10 of 35

Answer Stats

HintPositionAnswer% Correct
ChiefsDLChris Jones5
86%
BuccaneersLBDevin White12
86%
BuccaneersLBLavonte David6
71%
ChiefsDBTyrann Mathieu3
71%
BuccaneersDLVita Vea1
71%
BuccaneersDBAntoine Winfield6
57%
ChiefsDLFrank Clark4
57%
ChiefsDLBashaud Breeland4
43%
ChiefsDBDaniel Sorensen6
43%
ChiefsDBL'Jarius Sneed3
43%
BuccaneersDLNdamukong Suh2
43%
BuccaneersLBShaquil Barrett1
43%
BuccaneersDBCarlton Davis5
29%
ChiefsDBCharvarius Ward5
29%
BuccaneersDBJamal Dean4
29%
BuccaneersDLJason Pierre-Paul3
29%
BuccaneersDBJordan Whitehead2
29%
BuccaneersDBSean Murphy-Bunting6
29%
ChiefsLBAnthony Hitchens1
14%
BuccaneersLBAnthony Nelson1
14%
ChiefsFBAnthony Sherman1
14%
BuccaneersPBradley Pinion1
14%
ChiefsDLDerrick Nnadi5
14%
ChiefsDBJuan Thornhill1
14%
BuccaneersDBMike Edwards4
14%
ChiefsDLAlex Okafor1
0%
ChiefsDBArmani Watts1
0%
ChiefsLBBen Niemann9
0%
BuccaneersLBCam Gill2
0%
ChiefsLBDamien Wilson10
0%
ChiefsLBDorian O'Daniel1
0%
ChiefsDLMichael Danna1
0%
BuccaneersDLSteve McLendon1
0%
ChiefsDLTanoh Kpassagnon3
0%
ChiefsDLTershawn Wharton2
0%

Score Distribution

Percentile by Number Answered

Percent of People with Each Score

Your Score History

You have not taken this quiz